00866cam a22002411 4500001001300000003000400013005001700017008004100034010001700075035001900092040004500111042001200156050002200168051002500190100004400215245012600259260004300385300004400428490005100472650004800523700003600571999001700607gs 12000485 DLC20260227111313.0770922s1912 dcuab f000 0 eng c ags 12000485  a(OCoLC)3287573 aU.S. Geol. Survey. Libr.cUUdOCoLCdDLC apremarc00aQE75b.B9 no. 507 aTN23.4b.H5cCopy 2.1 aHill, James M.q(James Madison),d1884-14aThe mining districts of the western United States,cby James M. Hill, with a geologic introduction, by Waldemar Lindgren. aWashington,bGovt. Print. Off.,c1912. a309 p.billus., XVI fold. maps.c24 cm.0 aUnited States Geological survey. Bulletinv507 0aMines and mineral resourceszUnited States.1 aLindgren, Waldemar,d1860-1939. c25159d25159